Normal view MARC view

Entry Personal Name

Number of records used in: 2

001 - CONTROL NUMBER

  • control field: 75723

003 - CONTROL NUMBER IDENTIFIER

  • control field: dpl

005 - DATE AND TIME OF LATEST TRANSACTION

  • control field: 20250102144634.0

008 - FIXED-LENGTH DATA ELEMENTS

  • fixed length control field: 250102|| aca||aabn | a|a d

040 ## - CATALOGING SOURCE

  • Original cataloging agency: dpl
  • Transcribing agency: dpl

100 ## - HEADING--PERSONAL NAME

  • Personal name: मानवेंद्र प्रताप सिंह

670 ## - SOURCE DATA FOUND

  • Source citation: Work cat.: (dpl)207920: पाण्डेय, मनोज कुमार 75722, मनोज कुमार पाण्डेय की श्रेष्ठ कहानियां, 2020

© Delhi Public Library
Hit Counter
free hit counter